| Tag |
First Indicator |
Second Indicator |
Subfields |
| LEADER |
00000nam a2200000 4500 |
| 001 |
in00004220249 |
| 005 |
20200807081447.0 |
| 006 |
m g d |
| 007 |
cr bn |||a|bb| |
| 008 |
920424s1622 ne o 00| | eng d |
| 035 |
|
|
|a (UnM)99852190
|
| 037 |
|
|
|a CL0036000031
|b ProQuest. 789 E. Eisenhower Parkway, Ann Arbor, MI 48108-3218
|
| 040 |
|
|
|a Cu-RivES
|c Cu-RivES
|d CStRLIN
|e dcrb
|d WaOLN
|
| 100 |
1 |
|
|a Blaeu, Willem Janszoon,
|d 1571-1638.
|
| 240 |
1 |
0 |
|a Licht der Zee-vaert.
|l English
|
| 245 |
1 |
4 |
|a The light of nauigation :
|b Wherein are declared and liuely pourtrayed all the coasts and hauens of the West, North and East seas. Collected partly out of the books of the principall authors which haue written of navigation (as of Lucas Iohnson Waghenaer, and divers others) partly also out of many other expert seafaring mens writings & verbal declarations: corrected of many faults, & inlarged with many new descriptions and cardes. Divided into tvvo bookes. Hereunto are added (beside an institution in the art of navigation) new tables of the declination of the sunne, according to Tycho Brahes observations, applied to the meridian of Amsterdam. Together with new tables and instructions to teach men the right use of the North starre, and other fixed starres, profitable for all seafaring men. By William Iohnson.
|
| 246 |
2 |
|
|a Licht der Zee-vaert.
|
| 246 |
2 |
|
|a Light of navigation.
|
| 260 |
|
|
|a At Amsterdam :
|b Printed by VVilliam Iohnson [Blaeu], dwelling upon the vvater, by the Old Bridge, at the signe of the Golden Sundyall,
|c Anno 1622.
|
| 300 |
|
|
|a 1 online resource (122, 125-126, [4], 129, [7], 135-162; 130, [1] pages :
|b engr. maps
|
| 336 |
|
|
|a text
|b txt
|2 rdacontent
|
| 337 |
|
|
|a computer
|b c
|2 rdamedia
|
| 338 |
|
|
|a online resource
|b cr
|2 rdacarrier
|
| 500 |
|
|
|a Translation of: Licht der Zee-vaert.
|
| 500 |
|
|
|a Printer's complete name from STC.
|
| 500 |
|
|
|a The English general title page is pasted in the center of engraved Dutch title page.
|
| 500 |
|
|
|a "The first book of the light of nauigation" has separate dated title page; pagination and register are continuous. "The second book of the light of nauigation" has separate pagination, register and title page.
|
| 500 |
|
|
|a At foot of title page: Cum privilegio.
|
| 500 |
|
|
|a Reproduction of the original in the Folger Shakespeare Library.
|
| 510 |
4 |
|
|a STC (2nd edition)
|c 3112.
|
| 533 |
|
|
|a Electronic reproduction.
|b Ann Arbor, Mich. :
|c UMI,
|d 1999-
|f (Early English books online)
|n Digital version of: (Early English books, 1475-1640 ; 1127:10)
|7 s1999 miun s
|
| 650 |
|
0 |
|a Nautical charts
|z Europe
|v Early works to 1800
|y To 1800.
|
| 650 |
|
0 |
|a Pilot guides
|z Europe
|v Early works to 1800.
|
| 650 |
|
0 |
|a Navigation
|v Early works to 1800.
|
| 830 |
|
0 |
|a Early English books online.
|
| 856 |
4 |
0 |
|u http://proxy.library.tamu.edu/login?url=https://search.proquest.com/docview/2248545145
|z Connect to the full text of this electronic book
|t 0
|
| 999 |
f |
f |
|s 4fb35324-4f0d-3465-9ff6-824316fbf3ad
|i dbf93c58-ee86-3c59-9df1-3f44a48366fc
|t 0
|
| 952 |
f |
f |
|a Texas A&M University
|b College Station
|c Electronic Resources
|d Available Online
|t 0
|h No information provided
|
| 998 |
f |
f |
|t 0
|l Available Online
|